Statistics for Country groups quiz - #5

Click here to take the quiz!

General Stats

  • This quiz has been taken 1,427 times
  • The average score is 19 of 28

Answer Stats

Hint Answer % Correct
Russia
96%
United Kingdom
95%
Saint Lucia
88%
The three countries with 'Saint' in their namesSaint Kitts & Nevis
88%
Saint Vincent & The Grenadines
86%
Somalia
86%
South Korea
85%
France
84%
South Africa
83%
Turkey
80%
South Sudan
76%
The seven countries with claims in AntarcticaArgentina
75%
Australia
75%
Ukraine
74%
Norway
74%
Norway
74%
Chile
70%
Romania
68%
The six countries with coast on the Black SeaBulgaria
67%
Georgia
67%
New Zealand
65%
Mexico
55%
Switzerland
52%
The four countries in the European Free Trade AssociationIceland
51%
The two countries that have the letter 'X' in their nameLuxembourg
48%
The five countries whose names begin with 'So'Solomon Islands
39%
Liechtenstein
32%
The only country that covers all four hemispheresKiribati
18%

Score Distribution

Percentile by Number Answered

Percent of People with Each Score

Your Score History

You have not taken this quiz